000 00290nam a2200121Ia 4500
005 20260328104303.0
008 260328s9999||||xx |||||||||||||| ||und||
100 _aWeider, Ben
245 0 _aEl Asesinato de Napoleón /
_cBen Weider
260 _bPress
650 _aNAPOLEON
942 _cBK
999 _c10663
_d10663